Southville International School and Colleges
Your cart is empty.
  • Cart
  • Lists
    Public lists Eva Luna New books Lux_list list_1
    Your lists Log in to create your own lists
  • Log in to your account
  • Your cookies
  • Search history
Southville International School and Colleges
  • Advanced search
  • Recent comments
  • Most popular
  • Libraries

Log in to your account

Log in with GOOGLE


If you do not have an external account, but do have a local account, you can still log in:

  1. Home
  2. MARC view: Mastering grammar /
Normal view MARC view ISBD view

Mastering grammar / (Record no. 39475)

[ view plain ]
MARC details
000 -LEADER
fixed length control field 00806nam a2200193 a 4500
005 - DATE AND TIME OF LATEST TRANSACTION
control field 20140311163021.0
008 - FIXED-LENGTH DATA ELEMENTS--GENERAL INFORMATION
fixed length control field 121030s19uu xx 00 eng d
020 ## - INTERNATIONAL STANDARD BOOK NUMBER
International Standard Book Number 9780071745475
100 ## - MAIN ENTRY--PERSONAL NAME
Personal name Muschla, Gary Robert
245 ## - TITLE STATEMENT
Title Mastering grammar /
Statement of responsibility, etc Gary Robert Muschla.
260 ## - PUBLICATION, DISTRIBUTION, ETC. (IMPRINT)
Place of publication, distribution, etc New York, United States :
Name of publisher, distributor, etc McGraw-Hill,
Date of publication, distribution, etc 2011.
300 ## - PHYSICAL DESCRIPTION
Extent xii, 244 p.
440 ## - SERIES STATEMENT/ADDED ENTRY--TITLE
Title Practice makes perfect (McGraw-Hill Companies)
500 ## - GENERAL NOTE
General note "A version of this book was previously published under the title Teach terrific grammar, grades 6-8"--T.p. verso.
520 ## - SUMMARY, ETC.
Summary, etc Helpful instruction and plenty of practice for students grades 6-8 to expand their grammar and vocabulary skills
650 ## - SUBJECT ADDED ENTRY--TOPICAL TERM
Topical term or geographic name as entry element English language
General subdivision Grammar
650 ## - SUBJECT ADDED ENTRY--TOPICAL TERM
Topical term or geographic name as entry element English language
General subdivision Grammar
-- Problems, exercises, etc.
942 ## - ADDED ENTRY ELEMENTS (KOHA)
Koha item type Books
Holdings
Withdrawn status Lost status Source of classification or shelving scheme Damaged status Home library Current library Shelving location Date acquired Source of acquisition Cost, normal purchase price Total Checkouts Total Renewals Full call number Barcode Date last seen Date checked out Price effective from Koha item type
    Library of Congress Classification   College Library College Library General Circulation Section 10/30/2012 Donation 754.00 5 27 PE 1112 .M985 2011 C16435 05/15/2018 03/01/2017 10/10/2013 Books

Mastering grammar /

APA

Muschla G. R., . (2011). Mastering grammar. New York, United States: McGraw-Hill.

Chicago

Muschla Gary Robert, . 2011. Mastering grammar. New York, United States: McGraw-Hill.

Harvard

Muschla G. R., . (2011). Mastering grammar. New York, United States: McGraw-Hill.

MLA

Muschla Gary Robert, . Mastering grammar. New York, United States: McGraw-Hill. 2011.

  • Place hold
  • Print
  • Cite
  • Add to your cart (remove)
  • Save record
    BIBTEX Dublin Core MARCXML MARC (non-Unicode/MARC-8) MARC (Unicode/UTF-8) MARC (Unicode/UTF-8, Standard) MODS (XML) RIS
  • More searches
    Search for this title in:
    Other Libraries (WorldCat) Other Databases (Google Scholar) Online Stores (Bookfinder.com) Open Library (openlibrary.org)

Exporting to Dublin Core...

SOUTHVILLE LIBRARY

Southville International School and Colleges Library

1281 Tropical Ave. Cor. Luxembourg St., BF Homes International, Las Pinas City

Tel. No. 8256374 / 252358 Loc. 117/146

Powered by Koha